000 00936nam a2200265 i 4500
001 18608
003 ES-MaACL
005 20250815032757.0
007 t|
008 011031m20002001sp ||||0| spa j
020 _a84-8432-050-2
040 _aM-BN
_bspa
_cM-BN
080 _a95-011".../0622"
100 1 _aKuhrt, Amélie.
_968998
245 1 3 _aEl Oriente Próximo en la Antiguedad (c. 3000-330 a.C.) /
_cAmélie Kuhrt ; traducción castellana de Teófilo de Lozoya.
260 _aBarcelona :
_bCrítica,
_c2000-2001.
300 _a2 v ;
_c23 cm.
490 1 _aCrítica/arqueología. Serie Historia de las civilizaciones clásicas
651 4 _aOriente medio-
_xHistoria-
_yHasta 622.
_99134
700 1 _aLozoya, Teófilo de.
_974479
830 0 0 _aCrítica/arqueología.
_pHistoria de las civilizaciones clásicas
_9228819
852 _aES-MaACL
_jL-25171-2
_bR.130467
999 _c18608
_d18608